Вып. 39 : Теория и практика сейсмического метода РНП; Труды [Московского института нефтехимической и газовой промышленности]

Podrobná bibliografie
Parent link:Труды [Московского института нефтехимической и газовой промышленности]: [сборник]/ Московский институт нефтехимической и газовой промышленности им. И. М. Губкина (МИНХиГП). Вып. 39 : Теория и практика сейсмического метода РНП.— , 1959-
Další autoři: Рябинкин Л. А. Лев Александрович (редактор)
Jazyk:ruština
Vydáno: 1962
Témata:
Médium: MixedMaterials Kniha
KOHA link:https://koha.lib.tpu.ru/cgi-bin/koha/opac-detail.pl?biblionumber=352603

MARC

LEADER 00000nam2a2200000 4500
001 352603
005 20231102010520.0
035 |a (RuTPU)RU\TPU\retro\9285 
035 |a RU\TPU\retro\9261 
090 |a 352603 
100 |a 20200124d1962 k y0rusy50 ca 
101 0 |a rus 
102 |a RU 
105 |a a z 001zy 
200 0 |a Вып. 39 : Теория и практика сейсмического метода РНП  |f под ред. Л. А. Рябинкина 
210 |d 1962 
215 |a 294 с.  |c ил. 
320 |a Библиогр. в конце ст. 
461 1 |0 (RuTPU)RU\TPU\retro\9257  |t Труды [Московского института нефтехимической и газовой промышленности]  |o [сборник]  |f Московский институт нефтехимической и газовой промышленности им. И. М. Губкина (МИНХиГП)  |v Вып. 39 : Теория и практика сейсмического метода РНП  |d 1959-  
606 1 |a Нефтегазовые месторождения  |x Системы разработки  |x Эксплуатация  |2 stltpush  |3 (RuTPU)RU\TPU\subj\45562  |9 64757 
610 1 |a сейсмический метод РНП 
610 1 |a полевые работы 
610 1 |a методики 
610 1 |a интерпретация данных 
610 1 |a автоматизация 
610 1 |a сейсмические разрезы 
610 1 |a разрешающая способность 
610 1 |a характеристики 
675 |a 622.276  |v 3 
702 1 |a Рябинкин  |b Л. А.  |g Лев Александрович  |4 340 
801 1 |a RU  |b 63413507  |c 20060206  |g PSBO 
801 2 |a RU  |b 63413507  |c 20200220  |g PSBO 
942 |c BK